|
|
|
|
| LEADER |
02045nam a2200421 i 4500 |
| 001 |
EBC3433616 |
| 003 |
MiAaPQ |
| 005 |
20201020202205.0 |
| 006 |
m o d | |
| 007 |
cr cnu|||||||| |
| 008 |
150706t20152015sw a ob 000 0 eng d |
| 020 |
|
|
|z 9789175190617
|
| 035 |
|
|
|a (MiAaPQ)EBC3433616
|
| 035 |
|
|
|a (Au-PeEL)EBL3433616
|
| 035 |
|
|
|a (CaPaEBR)ebr11067245
|
| 035 |
|
|
|a (OCoLC)935242996
|
| 040 |
|
|
|a MiAaPQ
|b eng
|e rda
|e pn
|c MiAaPQ
|d MiAaPQ
|
| 050 |
|
4 |
|a Z258
|b .H383 2015
|
| 082 |
0 |
|
|a 686.23042
|2 23
|
| 100 |
1 |
|
|a Hauck, Shahram,
|e author.
|
| 245 |
1 |
0 |
|a Automated CtP calibration for offset printing :
|b dot gain compensation, register variation and trapping evaluation /
|c Shahram Hauck.
|
| 264 |
|
1 |
|a Norrkoping, Sweden :
|b Linkoping University,
|c 2015.
|
| 264 |
|
4 |
|c 2015
|
| 300 |
|
|
|a 1 online resource (165 pages) :
|b color illustrations.
|
| 336 |
|
|
|a text
|2 rdacontent
|
| 337 |
|
|
|a computer
|2 rdamedia
|
| 338 |
|
|
|a online resource
|2 rdacarrier
|
| 490 |
1 |
|
|a Linkoping Studies in Science and Technology. Dissertations,
|x 0345-7524 ;
|v Number 1673
|
| 504 |
|
|
|a Includes bibliographical references.
|
| 588 |
|
|
|a Description based on online resource; title from PDF cover page (ebrary, viewed July 6, 2015).
|
| 590 |
|
|
|a Electronic reproduction. Ann Arbor, MI : ProQuest, 2016. Available via World Wide Web. Access may be limited to ProQuest affiliated libraries.
|
| 650 |
|
0 |
|a Color printing
|x Data processing.
|
| 650 |
|
0 |
|a Digital printing.
|
| 655 |
|
4 |
|a Electronic books.
|
| 776 |
0 |
8 |
|i Print version:
|a Hauck, Shahram.
|t Automated CtP calibration for offset printing : dot gain compensation, register variation and trapping evaluation.
|d Norrkoping, Sweden : Linkoping University, c2015
|h ix, pages
|k Linkoping studies in science and technology. Dissertations ; Number 1673.
|z 9789175190617
|
| 797 |
2 |
|
|a ProQuest (Firm)
|
| 830 |
|
0 |
|a Linkoping studies in science and technology.
|p Dissertations ;
|v Number 1673.
|
| 856 |
4 |
0 |
|u https://ebookcentral.proquest.com/lib/matrademy/detail.action?docID=3433616
|z Click to View
|